Managing the small to Mid-Sized Company: concepts and cases / (Record no. 200421642)
[ view plain ]
| 000 -LEADER | |
|---|---|
| fixed length control field | 00962 a2200289 4500 |
| 001 - CONTROL NUMBER | |
| control field | 200421642 |
| 003 - CONTROL NUMBER IDENTIFIER | |
| control field | TR-AnTOB |
| 005 - DATE AND TIME OF LATEST TRANSACTION | |
| control field | 20201022091840.0 |
| 008 - FIXED-LENGTH DATA ELEMENTS--GENERAL INFORMATION | |
| fixed length control field | 150324s tu 000 0 |
| 020 ## - INTERNATIONAL STANDARD BOOK NUMBER | |
| International Standard Book Number | 0256142807 |
| 040 ## - CATALOGING SOURCE | |
| Original cataloging agency | TR-AnTOB |
| Language of cataloging | tur |
| Description conventions | rda |
| Transcribing agency | TR-AnTOB |
| 041 0# - LANGUAGE CODE | |
| Language code of text/sound track or separate title | İngilizce |
| 050 00 - LIBRARY OF CONGRESS CALL NUMBER | |
| Classification number | HD62.7 |
| Item number | .C646 1995 |
| 090 ## - LOCALLY ASSIGNED LC-TYPE CALL NUMBER (OCLC); LOCAL CALL NUMBER (RLIN) | |
| Classification number (OCLC) (R) ; Classification number, CALL (RLIN) (NR) | HD62.7 .C646 1995 |
| 100 1# - MAIN ENTRY--PERSONAL NAME | |
| Personal name | Collins, James C. |
| Fuller form of name | (James Charles), |
| Dates associated with a name | 1958- |
| 9 (RLIN) | 70156 |
| 245 10 - TITLE STATEMENT | |
| Title | Managing the small to Mid-Sized Company: concepts and cases / |
| Statement of responsibility, etc. | James C. Collins, William C. Lazier. |
| 264 ## - PRODUCTION, PUBLICATION, DISTRIBUTION, MANUFACTURE, AND COPYRIGHT NOTICE | |
| Place of production, publication, distribution, manufacture | Boston: |
| Name of producer, publisher, distributor, manufacturer | Irwin McGraw-Hill, |
| Date of production, publication, distribution, manufacture, or copyright notice | 1995 |
| 300 ## - PHYSICAL DESCRIPTION | |
| Extent | 515 sayfa |
| Dimensions | 20 cm. |
| 336 ## - CONTENT TYPE | |
| Content type term | text |
| Source | rdacontent |
| Content type code | txt |
| 337 ## - MEDIA TYPE | |
| Media type term | unmediated |
| Source | rdamedia |
| Media type code | n |
| 338 ## - CARRIER TYPE | |
| Carrier type term | volume |
| Source | rdacarrier |
| Carrier type code | nc |
| 504 ## - BIBLIOGRAPHY, ETC. NOTE | |
| Bibliography, etc. note | |
| 650 07 - SUBJECT ADDED ENTRY--TOPICAL TERM | |
| Topical term or geographic name entry element | Küçük işletmeler |
| General subdivision | Yönetim |
| Source of heading or term | etuturkob |
| 9 (RLIN) | 10314 |
| Topical term or geographic name entry element | Small business |
| General subdivision | Management |
| Form subdivision | Handbooks, manuals, etc. |
| 9 (RLIN) | 1163 |
| 942 ## - ADDED ENTRY ELEMENTS (KOHA) | |
| Koha item type | Book |
| Source of classification or shelving scheme | Library of Congress Classification |
| Withdrawn status | Lost status | Source of classification or shelving scheme | Not for loan | Collection code | Home library | Current library | Shelving location | Date acquired | Source of acquisition | Inventory number | Total Checkouts | Total Holds | Full call number | Barcode | Copy number | Cost, replacement price | Koha item type | Public note |
|---|---|---|---|---|---|---|---|---|---|---|---|---|---|---|---|---|---|---|
| Library of Congress Classification | Ödünç Verilebilir / Available | Genel Koleksiyon | Merkez Kütüphane | Merkez Kütüphane | Genel Koleksiyon / Main Collection | 01/07/2005 | TOBB Devir / TOBB Transfer | END/İŞL | HD62.7 .C646 1995 | 0046955 | 1 | 0.01 | Book | Donated by TOBB |
